| 000 | 00918cab a2200313 4500 | ||
|---|---|---|---|
| 001 | ABS50194 | ||
| 008 | 090401t1994 xxu||||| |||| 00| 0 eng d | ||
| 035 | _a(Sirsi) u74564 | ||
| 041 | _aeng | ||
| 100 | _aVincent, P. | ||
| 245 | _aOpportunities for surveyors in a privatised coal-mining industry | ||
| 260 | _c1994 | ||
| 350 | _a0 | ||
| 490 |
_aCSM (Chartered Surveyor Monthly) _v3(5) February 1994, 13(1) |
||
| 520 | _aHighlights areas for involvement of surveyors following the privatisation of the coal industry. | ||
| 650 | _aCLOSED MINES | ||
| 650 | _aCOAL MINING | ||
| 650 | _aDEVELOPMENT | ||
| 650 | _aEMPLOYMENT | ||
| 650 | _aLAND DISPOSAL | ||
| 650 | _aLICENCES | ||
| 650 | _aMINE RECORDS | ||
| 650 | _aPRIVATISATION | ||
| 650 | _aSURVEYORS | ||
| 690 | _aMINING AND MINERALS | ||
| 690 | _aMANAGEMENT-BUSINESS MANAGEMENT-PROFESSIONAL PRACTICE | ||
| 942 | _n0 | ||
| 948 | _c04/03/1997 | ||
| 999 |
_c47000 _d47000 |
||